|
LDR
| 01152nam a2200337 a 4500 |
|---|
| 001 | 148350 |
|---|
| 003 | CONS |
|---|
| 005 | 20180904101355.0 |
|---|
| 008 | 050411s2005 enk 000 1 eng |
|---|
| 020 | | . |
‡a9780752864907
‡q(paperback) |
|---|
| 020 | | . |
‡a0752864904
‡q(paperback) |
|---|
| 035 | | . |
‡a(CPomAG)LMN608178 |
|---|
| 042 | | . |
‡aukblcatcopy |
|---|
| 043 | | . |
‡ae-uk-en |
|---|
| 082 | 0 | 4. |
‡a823.914
‡222 |
|---|
| 100 | 1 | . |
‡aBurley, W. J.
‡q(William John) |
|---|
| 245 | 1 | 0. |
‡aWycliffe and the dead flautist /
‡cW.J. Burley. |
|---|
| 260 | | . |
‡aLondon :
‡bOrion,
‡c2005. |
|---|
| 300 | | . |
‡a220 pages ;
‡c18 cm. |
|---|
| 336 | | . |
‡atext
‡btxt
‡2rdacontent |
|---|
| 337 | | . |
‡aunmediated
‡bn
‡2rdamedia |
|---|
| 338 | | . |
‡avolume
‡bnc
‡2rdacarrier |
|---|
| 490 | 1 | . |
‡aWycliffe ;
‡v17. |
|---|
| 650 | | 0. |
‡aWycliffe, Charlie (Fictitious character)
‡vFiction. |
|---|
| 650 | | 0. |
‡aPolice
‡zEngland
‡zCornwall
‡vFiction. |
|---|
| 655 | | 7. |
‡aDetective and mystery fiction.
‡2lcgft |
|---|
| 700 | 1 | . |
‡aBurley, W.J.
‡q(William John).
‡tDead flautist. |
|---|
| 800 | 1 | . |
‡aBurley, W.J.
‡q(William John).
‡tWycliffe ;
‡v17. |
|---|
| 914 | | . |
‡aSCP_kt |
|---|
| 959 | | . |
‡i32269001078370
‡lF Bur
‡aAdult - Fiction
‡tFiction
‡g10.00 |
|---|
| 852 | | . |
‡p32269001078370
‡jF Bur
‡gAdult - Fiction
‡cFiction
‡y10.00
‡bSBPL |
|---|
| 901 | | . |
‡a148350
‡bUnknown
‡c148350
‡tbiblio |
|---|